• 首页
  • 本馆介绍
  • 公告通知
  • 最新文献
  • 馆藏检索
  • 电子资源
  • 读者导购
  • 参考咨询
  • 我的图书馆
  • 登录
  • 详细信息显示
  • 放入我的书架
  • 预约/预借图书
  • 作者相关作品
  • 分类相关作品
  • 丛书相关作品
  • 出版社相关作品

书目信息

  • 表格格式
  • 工作单格式
  • 卡片格式
题名:
中国地理未解之谜
    
 
作者: 胡俊清 编著
分册:  
出版信息: 长春   吉林出版集团有限责任公司  2013.12
页数: 184页
开本: 24cm
丛书名:
单 册:
中图分类: K92-49 , K92
科图分类:
主题词: 地理--中国--青少年读物
电子资源:
ISBN: 978-7-5534-3929-7
000 00938nam0 2200265 450
001 2362972679
005 20231215194530.81
010    @a978-7-5534-3929-7@dCNY 45.00
090    @aK92@bhjq
096    @aK92@bhjq
100    @a20140807d2013 demy0chiy0120 ea
101 0  @achi
102    @aCN@b220000
105    @aa z 000yy
200 1  @a中国地理未解之谜@Azhong guo di li wei jie zhi mi@f胡俊清编著
210    @a长春@c吉林出版集团有限责任公司@d2013.12
215    @a184页@c彩图@d24cm
300    @a知道一点科普系列 奥妙科普 中宸教育 全彩版 让青少年着迷的科普书
330    @a本书分为神奇的地理现象、恐怖的不毛之地、令人费解的地理奇观、千年难解之谜的谜团、鬼斧神工谁造就五章,介绍了为什么没有乌鸦在孔林落脚、石壁见水显图之谜、石头怎么会流血等内容。
606 0  @a地理@y中国@j青少年读物
690    @aK92-49@v5
690    @aK92@v4
701  0 @a胡俊清@Ahu jun qing@4编著
801  2 @aCN@b辽宁北配@c20231205
905    @aZUCC@dK92@e54
    
    中国地理未解之谜/胡俊清编著.-长春:吉林出版集团有限责任公司,2013.12
    184页:彩图;24cm
    知道一点科普系列 奥妙科普 中宸教育 全彩版 让青少年着迷的科普书
    
    ISBN 978-7-5534-3929-7:CNY 45.00
    本书分为神奇的地理现象、恐怖的不毛之地、令人费解的地理奇观、千年难解之谜的谜团、鬼斧神工谁造就五章,介绍了为什么没有乌鸦在孔林落脚、石壁见水显图之谜、石头怎么会流血等内容。
●
相关链接 在五车中查询图书 在当当中查询图书 在豆瓣中查询图书


正题名:中国地理未解之谜     索取号:K92/54         预约/预借

序号 登录号 条形码 馆藏地/架位号 状态 备注
1 2001207319   2001207319   320书库/ [索取号:K92/54] 在馆    
2 2001207320   2001207320   320书库/ [索取号:K92/54] 在馆    
3 2001207321   2001207321   320书库/ [索取号:K92/54] 在馆    
4 2001207322   2001207322   320书库/ [索取号:K92/54] 在馆    
5 2001207323   2001207323   320书库/ [索取号:K92/54] 在馆    
6 2001207324   2001207324   320书库/ [索取号:K92/54] 在馆    
7 2001207325   2001207325   320书库/ [索取号:K92/54] 在馆    
8 2001207326   2001207326   320书库/ [索取号:K92/54] 在馆    
9 2001207327   2001207327   320书库/ [索取号:K92/54] 在馆    
10 2001207328   2001207328   320书库/ [索取号:K92/54] 在馆    
11 2001207329   2001207329   315书库/ [索取号:K92/54] 在馆    
12 2001207330   2001207330   315书库/ [索取号:K92/54] 在馆    
13 2001207331   2001207331   315书库/ [索取号:K92/54] 在馆    
14 2001207332   2001207332   315书库/ [索取号:K92/54] 在馆    
15 2001207333   2001207333   315书库/ [索取号:K92/54] 在馆    
16 2001207334   2001207334   315书库/ [索取号:K92/54] 在馆    
17 2001207335   2001207335   320书库/ [索取号:K92/54] 在馆    
18 2001207336   2001207336   320书库/ [索取号:K92/54] 在馆    
19 2001207337   2001207337   320书库/ [索取号:K92/54] 在馆    
20 2001207338   2001207338   320书库/ [索取号:K92/54] 在馆    
21 2001207339   2001207339   320书库/ [索取号:K92/54] 在馆    
22 2001207340   2001207340   320书库/ [索取号:K92/54] 在馆    
23 2001207341   2001207341   320书库/ [索取号:K92/54] 在馆    
24 2001207342   2001207342   320书库/ [索取号:K92/54] 在馆    
25 2001207343   2001207343   320书库/ [索取号:K92/54] 在馆    
26 2001207344   2001207344   320书库/ [索取号:K92/54] 在馆    
27 2001207345   2001207345   320书库/ [索取号:K92/54] 在馆    
28 2001207346   2001207346   320书库/ [索取号:K92/54] 在馆    
29 2001207347   2001207347   320书库/ [索取号:K92/54] 在馆    
30 2001207348   2001207348   320书库/ [索取号:K92/54] 在馆    
山东省滨州职业学院图书馆 欢迎您!
大连网信软件有限公司© 版权所有